Statistics for Groups of Things - Sports

Click here to take the quiz!

General Stats

  • This quiz has been taken 59,718 times
    (18,405 since last reset)
  • The average score is 32 of 44

Answer Stats

GroupAnswer% Correct
Men's FIFA World Cup winnersBrazil
90%
Golfers with 10 major championshipsTiger Woods
90%
Canadian cities with an NHL teamToronto
87%
Men's FIFA World Cup winnersFrance
86%
Men's FIFA World Cup winnersGermany
86%
Men's FIFA World Cup winnersArgentina
85%
Tennis Grand Slam tournamentsU.S. Open
85%
Main swimming strokesButterfly
83%
Men's FIFA World Cup winnersSpain
83%
Throwing events in Track & FieldJavelin
82%
Main swimming strokesBackstroke
81%
Quarterbacks with four Super Bowl winsTom Brady
81%
Tennis Grand Slam tournamentsWimbledon
81%
Basketball positionsCenter
80%
Men's FIFA World Cup winnersItaly
80%
Canadian cities with an NHL teamVancouver
78%
Cities hosting multiple Summer OlympicsLondon
77%
Tennis Grand Slam tournamentsAustralian Open
76%
Throwing events in Track & FieldDiscus
76%
Main swimming strokesFreestyle
76%
Players with 100 goals in Champions LeagueLionel Messi
76%
Basketball positionsPoint guard
76%
Main swimming strokesBreaststroke
75%
Players with 100 goals in Champions LeagueCristiano Ronaldo
75%
Men's FIFA World Cup winnersEngland
75%
Canadian cities with an NHL teamMontreal
75%
Throwing events in Track & FieldShot put
75%
Tennis Grand Slam tournamentsFrench Open
74%
Canadian cities with an NHL teamOttawa
72%
Cities hosting multiple Summer OlympicsTokyo
72%
Men's FIFA World Cup winnersUruguay
70%
Cities hosting multiple Summer OlympicsLos Angeles
69%
Cities hosting multiple Summer OlympicsParis
69%
Cities hosting multiple Summer OlympicsAthens
65%
Canadian cities with an NHL teamEdmonton
61%
Throwing events in Track & FieldHammer throw
61%
Canadian cities with an NHL teamCalgary
59%
Basketball positionsPower forward
59%
Basketball positionsShooting guard
59%
Basketball positionsSmall forward
55%
Canadian cities with an NHL teamWinnipeg
55%
Quarterbacks with four Super Bowl winsJoe Montana
47%
Golfers with 10 major championshipsJack Nicklaus
42%
Quarterbacks with four Super Bowl winsTerry Bradshaw
30%

Score Distribution

Percentile by Number Answered

Percent of People with Each Score

Your Score History

You have not taken this quiz since the last reset